Operačné systémy 2013 skriptum

Na minha lista:
Detalhes bibliográficos
Autor principal: Kršjak, Miroslav
Outros Autores: Bandurič, Igor, 1980-, Kastl, Daniel
Formato: Livro
Idioma:eslovaco
Publicado em: [S.l.] Miroslav Kršjak 2013
Edição:1. vyd.
Assuntos:
Tags: Adicionar Tag
Sem tags, seja o primeiro a adicionar uma tag!

MARC

LEADER 00000nam a2200000 4500
001 0182596
005 20240502073126.2
020 |a 978-80-971461-2-2 
041 0 |a slo 
044 |a SK 
245 1 0 |a Operačné systémy 2013  |b skriptum  |c Miroslav Kršjak ; recenzenti Igor Bandurič, Daniel Kastl 
250 |a 1. vyd. 
264 1 |a [S.l.]  |b Miroslav Kršjak  |c 2013 
300 |a 112 s. [4 AH] 
610 2 0 |a systémy operačné 
610 2 0 |a Linux 
100 1 |a Kršjak, Miroslav 
700 1 |a Bandurič, Igor, 1980- 
700 1 |a Kastl, Daniel